| 000 | 00367nam a2200097Ia 4500 | ||
|---|---|---|---|
| 008 | 171204s9999 xx 000 0 und d | ||
| 245 | _aMastering Mobile Learning: Chad Udell | ||
| 260 | _c2014 | ||
| 650 | _xPRF Ed 7: Ed Tech 2: Selection & Production & Utilization of Appropriate Technology Tools for Instruction | ||
| 856 | _uhttp://down.ebook777.com/050/1118884914.pdf | ||
| 999 |
_c345879 _d345879 |
||